[Event "Penang op-A 14th"]
[Site "Penang"]
[Date "2022.12.19"]
[Round "1"]
[White "Tan, Jun Hao"]
[Black "Sivuk, Vitaly"]
[Result "0-1"]
[WhiteElo "1851"]
[BlackElo "2570"]
[PlyCount "60"]
[EventDate "2022.12.19"]
[EventType "swiss"]
[EventRounds "9"]
[EventCountry "MAS"]
[SourceTitle "CBM 211 Extra"]
[Source "ChessBase"]
[SourceDate "2023.01.31"]
[SourceVersion "1"]
[SourceVersionDate "2023.01.31"]
[SourceQuality "1"]

1. e4 c6 2. Nf3 d5 3. Nc3 Bg4 4. h3 Bxf3 5. Qxf3 e6 6. g3 Nf6 7. Bg2 Bb4 8. e5 Nfd7 9. Qg4 Bf8 10. Qe2 Bc5 11. d3 0-0 12. 0-0 Bd4 13. Bf4 Qb6 14. Nd1 Re8 15. c3 Bc5 16. h4 Bf8 17. h5 h6 18. Ne3 c5 19. Ng4 Nc6 20. Rfe1 Qd8 21. Qd2 Ne7 22. c4 Rc8 23. Rad1 a6 24. d4 cxd4 25. cxd5 Nxd5 26. Bxd5 exd5 27. Qxd4 Nb6 28. Rc1 Rc4 29. Rxc4 dxc4 30. Qxd8 Rxd8 0-1

[Event "Antwerp World Uni blitz op"]
[Site "Antwerp"]
[Date "2022.09.14"]
[Round "1"]
[White "Gatineau, Yovann"]
[Black "Tan, Jun Hao"]
[Result "1-0"]
[WhiteElo "2183"]
[BlackElo "1797"]
[PlyCount "59"]
[EventDate "2022.09.14"]
[EventType "swiss (blitz)"]
[EventRounds "9"]
[EventCountry "BEL"]
[SourceTitle "CBM 210 Extra"]
[Source "ChessBase"]
[SourceDate "2022.11.30"]
[SourceVersion "1"]
[SourceVersionDate "2022.11.30"]
[SourceQuality "1"]

1. d4 Nf6 2. Bf4 e6 3. e3 c5 4. Nf3 Be7 5. Nbd2 cxd4 6. exd4 d6 7. h3 0-0 8. c3 b6 9. Bd3 Bb7 10. 0-0 Nbd7 11. Qe2 Re8 12. Bh2 a6 13. a4 Bf8 14. Rfd1 Qc7 15. Rac1 e5 16. dxe5 Nxe5 17. Nxe5 dxe5 18. Ne4 Qc6 19. Nxf6+ Qxf6 20. Be4 Bxe4 21. Qxe4 Bc5 22. Bg3 Qg5 23. b4 Bf8 24. Kh2 Rad8 25. Bh4 Qh6 26. Bxd8 Rxd8 27. Rxd8 Qxc1 28. Qxe5 g6 29. Qd6 Qh6 30. c4 1-0

[Event "Antwerp World Uni op"]
[Site "Antwerp"]
[Date "2022.09.13"]
[Round "4"]
[White "Tan, Jun Hao"]
[Black "Stijve, Theo"]
[Result "1/2-1/2"]
[WhiteElo "1796"]
[BlackElo "2392"]
[PlyCount "194"]
[EventDate "2022.09.12"]
[EventType "swiss"]
[EventRounds "9"]
[EventCountry "BEL"]
[SourceTitle "EXT 2023"]
[Source "ChessBase"]
[SourceDate "2022.10.05"]
[SourceVersion "1"]
[SourceVersionDate "2022.10.05"]
[SourceQuality "1"]

1. e4 c5 2. Nf3 e6 3. d3 Nc6 4. g3 g6 5. Bg2 Bg7 6. 0-0 Nge7 7. c3 0-0 8. Qe2 e5 9. a3 a5 10. a4 d5 11. Na3 d4 12. Nd2 Be6 13. Ndc4 Nc8 14. Bd2 Nb6 15. Nxb6 Qxb6 16. c4 f5 17. exf5 Bxf5 18. Nb5 Nb4 19. Be4 Rae8 20. f3 Bh3 21. Rf2 h5 22. Bg5 Kh7 23. Re1 Bf6 24. Qd2 Rf7 25. Ree2 Ref8 26. Bh6 Bg7 27. Bxg7 Kxg7 28. Qg5 Qf6 29. Qxf6+ Rxf6 30. Nc7 Bf5 31. Bxf5 gxf5 32. Rxe5 Nxd3 33. Re7+ R8f7 34. Rfe2 Rb6 35. Ne6+ Kf6 36. Re8 Rxb2 37. Rxb2 Nxb2 38. Nxc5 Rc7 39. Re6+ Kf7 40. Re5 Nxc4 41. Rxf5+ Kg6 42. Rd5 Ne3 43. Rd6+ Kf5 44. Nb3 Rc3 45. Nxd4+ Ke5 46. Nb5 Rc2 47. Rd7 Rg2+ 48. Kh1 Re2 49. Kg1 h4 50. f4+ Kf6 51. gxh4 Rg2+ 52. Kh1 Rf2 53. h3 Rxf4 54. Rxb7 Rxa4 55. Kh2 Nf5 56. Nc3 Rc4 57. Nd5+ Ke6 58. Rb5 a4 59. Ra5 a3 60. Rxa3 Kxd5 61. h5 Rc2+ 62. Kg1 Ke4 63. h6 Nxh6 64. Kf1 Nf5 65. Ra8 Rc1+ 66. Ke2 Nd4+ 67. Kf2 Rc2+ 68. Kg3 Nf5+ 69. Kg4 Rg2+ 70. Kh5 Ng7+ 71. Kh6 Ke5 72. Ra6 Rg3 73. h4 Rg4 74. Kh7 Ne6 75. Ra1 Kf6 76. Ra6 Rg7+ 77. Kh8 Re7 78. Kg8 Kg6 79. h5+ Kf6 80. Rb6 Ra7 81. Rc6 Ra8+ 82. Kh7 Kf7 83. Rc1 Ra5 84. Rf1+ Ke7 85. Kg6 Rg5+ 86. Kh6 Rg8 87. Kh7 Rg2 88. Re1 Rg4 89. h6 Kf7 90. Rf1+ Ke8 91. Kh8 Ke7 92. h7 Ng5 93. Re1+ Kf6 94. Kg8 Ne6+ 95. Kh8 Ra4 96. Rxe6+ Kf7 97. Ra6 Rxa6 1/2-1/2